[Event "Team men PL"]
[Site "Sochi"]
[Date "2020.11.20"]
[Round "2.12"]
[White "Kornev, Alexei"]
[Black "Sarana, Alexey"]
[Result "0-1"]
[BlackElo "2636"]
[WhiteElo "2515"]
[LiveChessVersion "1.4.8"]

1.d4 {[%clk 1:30:56]} Nf6 {[%clk 1:30:57]} 2.c4 {[%clk 1:31:20]}
e6 {[%clk 1:31:23]} 3.Nc3 {[%clk 1:31:24]} Bb4 {[%clk 1:31:48]}
4.e3 {[%clk 1:31:45]} O-O {[%clk 1:32:11]} 5.Bd3 {[%clk 1:32:07]}
d5 {[%clk 1:32:38]} 6.Nf3 {[%clk 1:32:28]} dxc4 {[%clk 1:32:56]}
7.Bxc4 {[%clk 1:32:49]} b6 {[%clk 1:33:22]} 8.O-O {[%clk 1:31:04]}
Bb7 {[%clk 1:33:13]} 9.Bd2 {[%clk 1:25:27]} Nbd7 {[%clk 1:30:06]}
10.Qe2 {[%clk 1:23:36]} c5 {[%clk 1:24:16]} 11.a3 {[%clk 1:22:24]}
Bxc3 {[%clk 1:24:23]} 12.Bxc3 {[%clk 1:22:45]} Ne4 {[%clk 1:24:47]}
13.Rac1 {[%clk 1:18:27]} Nxc3 {[%clk 1:24:51]} 14.Rxc3 {[%clk 1:17:52]}
Bxf3 {[%clk 1:22:08]} 15.Qxf3 {[%clk 1:18:13]} cxd4 {[%clk 1:22:35]}
16.exd4 {[%clk 1:17:16]} Nf6 {[%clk 1:19:12]} 17.Rd1 {[%clk 1:15:13]}
Qd6 {[%clk 1:18:11]} 18.d5 {[%clk 1:02:01]} Rad8 {[%clk 1:12:25]}
19.Rcd3 {[%clk 0:58:45]} e5 {[%clk 1:12:10]} 20.Rc3 {[%clk 0:57:10]}
e4 {[%clk 1:03:19]} 21.Qg3 {[%clk 0:49:24]} Rfe8 {[%clk 1:03:19]}
22.Qxd6 {[%clk 0:46:03]} Rxd6 {[%clk 1:03:47]} 23.Bb3 {[%clk 0:46:19]}
Kf8 {[%clk 1:01:29]} 24.Rc7 {[%clk 0:44:08]} Re7 {[%clk 1:01:15]}
25.Rc8+ {[%clk 0:43:50]} Re8 {[%clk 1:01:11]} 26.Rc7 {[%clk 0:43:57]}
a6 {[%clk 0:49:47]} 27.Ra7 b5 {[%clk 0:47:02]} 28.Rc1 {[%clk 0:31:03]}
Nxd5 {[%clk 0:45:58]} 29.Rd1 {[%clk 0:24:36]} Red8 {[%clk 0:45:13]}
30.g4 {[%clk 0:22:11]} g5 {[%clk 0:42:11]} 31.Rd4 {[%clk 0:17:28]}
Ne7 {[%clk 0:42:07]} 32.Rxe4 {[%clk 0:15:42]} R8d7 {[%clk 0:42:21]}
33.Rxd7 {[%clk 0:11:39]} Rxd7 {[%clk 0:42:49]} 34.Kf1 {[%clk 0:07:37]}
Rd2 {[%clk 0:36:07]} 35.Re2 {[%clk 0:07:46]} Rd4 {[%clk 0:36:35]}
36.h3 {[%clk 0:06:55]} Ng6 {[%clk 0:29:08]} 37.Bc2 {[%clk 0:05:50]}
Nf4 {[%clk 0:28:53]} 38.Re3 {[%clk 0:05:41]} h6 {[%clk 0:22:41]}
39.Rc3 {[%clk 0:04:19]} Ke7 {[%clk 0:20:07]} 40.Ke1 {[%clk 0:34:17]}
Kd6 {[%clk 0:48:26]} 41.Rf3 {[%clk 0:31:02]} a5 {[%clk 0:40:15]}
42.Rg3 {[%clk 0:28:40]} Kc5 {[%clk 0:39:40]} 43.Rf3 {[%clk 0:28:52]}
f6 {[%clk 0:39:11]} 44.Rg3 {[%clk 0:28:33]} b4 {[%clk 0:39:11]}
45.axb4+ {[%clk 0:28:12]} axb4 {[%clk 0:35:22]} 46.Rf3 {[%clk 0:27:57]}
Kb5 {[%clk 0:35:32]} 47.Rg3 {[%clk 0:27:44]} Kc4 {[%clk 0:35:52]}
48.Bb3+ {[%clk 0:27:48]} Kc5 {[%clk 0:36:17]} 49.Bc2 {[%clk 0:28:12]}
Rd8 {[%clk 0:34:07]} 50.Rf3 {[%clk 0:27:43]} Rd6 {[%clk 0:34:33]}
51.Bf5 {[%clk 0:26:30]} Ng2+ {[%clk 0:30:35]} 52.Ke2 {[%clk 0:26:10]}
Nh4 {[%clk 0:30:58]} 53.Re3 {[%clk 0:25:50]} Nxf5 {[%clk 0:29:33]}
54.gxf5 {[%clk 0:26:17]} Rd5 {[%clk 0:29:57]} 55.Rf3 {[%clk 0:26:24]}
Rd4 {[%clk 0:29:30]} 56.b3 {[%clk 0:18:01]} Kd5 {[%clk 0:26:20]}
57.Ke3 {[%clk 0:16:41]} h5 {[%clk 0:25:51]} 58.Ke2 {[%clk 0:16:42]}
Ke5 {[%clk 0:22:16]} 59.Ke3 {[%clk 0:16:11]} Re4+ {[%clk 0:22:41]}
60.Kd3 {[%clk 0:16:29]} Rf4 {[%clk 0:22:37]} 61.Re3+ {[%clk 0:13:01]}
Kxf5 {[%clk 0:22:54]} 62.Re2 {[%clk 0:12:24]} h4 {[%clk 0:22:59]}
63.Ra2 {[%clk 0:12:32]} Rf3+ {[%clk 0:22:51]} 64.Kc4 {[%clk 0:12:56]}
Rxh3 {[%clk 0:23:19]} 65.Kxb4 {[%clk 0:13:20]} Rf3 {[%clk 0:23:47]}
66.Kc4 {[%clk 0:13:10]} h3 {[%clk 0:24:13]} 67.b4 {[%clk 0:13:29]}
h2 {[%clk 0:24:39]} 68.Ra1 {[%clk 0:13:54]} Rxf2 {[%clk 0:25:04]}
69.b5 {[%clk 0:14:18]} g4 {[%clk 0:25:29]} 70.b6 {[%clk 0:14:29]}
Rb2 {[%clk 0:25:54]} 0-1

[Event "Team men PL"]
[Site "Sochi"]
[Date "2020.11.20"]
[Round "2.13"]
[White "Artemiev, Vladislav"]
[Black "Lobanov, Sergei"]
[Result "1-0"]
[BlackElo "2522"]
[WhiteElo "2708"]
[LiveChessVersion "1.4.8"]

1.d4 {[%clk 1:30:49]} Nf6 {[%clk 1:30:48]} 2.Nf3 {[%clk 1:30:58]}
g6 {[%clk 1:30:55]} 3.e3 {[%clk 1:29:28]} Bg7 {[%clk 1:30:32]}
4.Be2 {[%clk 1:29:40]} c5 {[%clk 1:22:57]} 5.O-O {[%clk 1:29:54]}
cxd4 {[%clk 1:20:23]} 6.exd4 {[%clk 1:30:00]} O-O {[%clk 1:20:50]}
7.Re1 {[%clk 1:25:40]} d5 {[%clk 1:20:04]} 8.c3 {[%clk 1:25:26]}
Nc6 {[%clk 1:12:32]} 9.Bf4 {[%clk 1:21:30]} Bf5 {[%clk 1:08:17]}
10.Nbd2 {[%clk 1:21:34]} a6 {[%clk 1:07:20]} 11.Qb3 {[%clk 1:03:53]}
Na5 {[%clk 0:52:54]} 12.Qb4 {[%clk 0:59:44]} Ra7 {[%clk 0:25:42]}
13.Ne5 {[%clk 0:52:57]} Nd7 {[%clk 0:13:34]} 14.Nxd7 {[%clk 0:51:12]}
Nc6 {[%clk 0:13:54]} 15.Qb6 {[%clk 0:50:27]} Qxd7 {[%clk 0:13:57]}
16.Nb3 {[%clk 0:49:41]} Rc8 {[%clk 0:07:58]} 17.Bf3 {[%clk 0:33:18]}
e6 {[%clk 0:05:21]} 18.Nc5 {[%clk 0:28:21]} Qd8 {[%clk 0:04:55]}
19.Qxd8+ {[%clk 0:28:42]} Nxd8 {[%clk 0:05:22]} 20.g4 {[%clk 0:26:38]}
Bc2 {[%clk 0:03:35]} 21.Nd7 {[%clk 0:18:30]} f5 {[%clk 0:02:02]}
22.Nb6 {[%clk 0:18:00]} Rc6 {[%clk 0:02:07]} 23.Nxd5 {[%clk 0:17:59]}
exd5 {[%clk 0:02:32]} 24.Re8+ {[%clk 0:18:15]} Kf7 {[%clk 0:02:48]}
25.Rxd8 {[%clk 0:18:34]} Be4 {[%clk 0:03:16]} 26.Bxe4 {[%clk 0:18:17]}
dxe4 {[%clk 0:03:19]} 27.d5 {[%clk 0:18:25]} Rc4 {[%clk 0:03:43]}
28.Rd7+ {[%clk 0:16:43]} 1-0

[Event "Team men PL"]
[Site "Sochi"]
[Date "2020.11.20"]
[Round "2.16"]
[White "Pershin, Denis"]
[Black "Makhmutov, Rail"]
[Result "1/2-1/2"]
[BlackElo "2442"]
[WhiteElo "2387"]
[LiveChessVersion "1.4.8"]

1.d4 {[%clk 1:30:55]} Nf6 {[%clk 1:30:54]} 2.c4 {[%clk 1:31:14]}
e6 {[%clk 1:31:19]} 3.Nc3 {[%clk 1:31:30]} Bb4 {[%clk 1:31:39]}
4.Qc2 {[%clk 1:31:45]} O-O {[%clk 1:31:51]} 5.e4 {[%clk 1:31:56]}
d5 {[%clk 1:32:06]} 6.e5 {[%clk 1:32:15]} Ne4 {[%clk 1:32:28]}
7.Bd3 {[%clk 1:32:36]} c5 {[%clk 1:32:15]} 8.Nf3 {[%clk 1:32:55]}
cxd4 {[%clk 1:32:16]} 9.Nxd4 {[%clk 1:33:16]} Nd7 {[%clk 1:32:16]}
10.Bf4 {[%clk 1:33:35]} Ndc5 {[%clk 1:32:14]} 11.O-O {[%clk 1:33:28]}
Bxc3 {[%clk 1:31:10]} 12.bxc3 {[%clk 1:33:52]} Bd7 {[%clk 1:30:38]}
13.Be2 {[%clk 1:30:43]} Na4 {[%clk 1:28:26]} 14.cxd5 {[%clk 1:30:35]}
exd5 {[%clk 1:28:54]} 15.f3 {[%clk 1:30:49]} Nexc3 {[%clk 1:28:39]}
16.Bd3 {[%clk 1:31:13]} g6 {[%clk 1:26:34]} 17.Qd2 {[%clk 1:31:32]}
b5 {[%clk 1:23:42]} 18.Kh1 {[%clk 1:16:34]} Qb6 {[%clk 1:08:32]}
19.Be3 {[%clk 1:03:02]} Qc7 {[%clk 1:07:59]} 20.Bh6 {[%clk 0:52:53]}
Qxe5 {[%clk 0:54:47]} 21.Bxf8 {[%clk 0:53:14]} Rxf8 {[%clk 0:55:08]}
22.Bc2 {[%clk 0:53:23]} b4 {[%clk 0:54:16]} 23.f4 {[%clk 0:43:50]}
Qf6 {[%clk 0:45:38]} 24.f5 {[%clk 0:28:52]} g5 {[%clk 0:42:24]}
25.Rae1 {[%clk 0:29:00]} Nc5 {[%clk 0:32:02]} 26.Nf3 {[%clk 0:19:56]}
Bb5 {[%clk 0:28:21]} 27.Ne5 {[%clk 0:20:13]} N5e4 {[%clk 0:13:51]}
28.Bxe4 {[%clk 0:15:43]} Nxe4 {[%clk 0:11:54]} 29.Qxd5 {[%clk 0:15:52]}
Nc3 {[%clk 0:08:48]} 30.Qc5 {[%clk 0:04:12]} Bxf1 {[%clk 0:09:15]}
31.Nd7 {[%clk 0:02:20]} Qh6 {[%clk 0:07:59]} 32.Nxf8 {[%clk 0:00:47]}
Qxf8 {[%clk 0:08:10]} 33.Qe3 {[%clk 0:00:49]} Bxg2+ {[%clk 0:07:03]}
34.Kxg2 {[%clk 0:01:13]} Qd8 {[%clk 0:07:19]} 35.Qe8+ {[%clk 0:00:39]}
Qxe8 {[%clk 0:07:41]} 36.Rxe8+ {[%clk 0:01:08]} Kg7 {[%clk 0:08:10]}
37.Ra8 {[%clk 0:01:14]} Nxa2 {[%clk 0:07:52]} 38.Rxa7 {[%clk 0:01:41]}
Nc3 {[%clk 0:08:06]} 39.Ra6 {[%clk 0:01:10]} b3 {[%clk 0:02:29]}
40.Rb6 {[%clk 0:31:28]} Nd5 {[%clk 0:32:26]} 41.Rxb3 {[%clk 0:31:51]}
Kf6 {[%clk 0:20:47]} 42.Rb5 {[%clk 0:32:06]} Ne3+ {[%clk 0:16:37]}
43.Kf3 {[%clk 0:32:28]} Nxf5 {[%clk 0:17:03]} 44.Rb6+ {[%clk 0:32:45]}
Ke5 {[%clk 0:14:14]} 45.Kg4 {[%clk 0:32:36]} Nd4 {[%clk 0:13:19]}
46.Kxg5 {[%clk 0:29:42]} Nf3+ {[%clk 0:13:41]} 47.Kh6 {[%clk 0:29:37]}
Nxh2 {[%clk 0:14:04]} 48.Kxh7 {[%clk 0:29:57]} 1/2-1/2

[Event "Team men PL"]
[Site "Sochi"]
[Date "2020.11.20"]
[Round "2.26"]
[White "Bykov, Oleg"]
[Black "Paravyan, David"]
[Result "1/2-1/2"]
[BlackElo "2654"]
[WhiteElo "2362"]
[LiveChessVersion "1.4.8"]

1.d4 {[%clk 1:30:56]} d5 {[%clk 1:30:42]} 2.c4 {[%clk 1:31:17]}
e6 {[%clk 1:31:08]} 3.Nc3 {[%clk 1:31:38]} Nf6 {[%clk 1:31:34]}
4.cxd5 {[%clk 1:32:01]} exd5 {[%clk 1:32:01]} 5.Bg5 {[%clk 1:32:05]}
Bb4 {[%clk 1:32:24]} 6.e3 {[%clk 1:29:18]} h6 {[%clk 1:31:40]}
7.Bh4 {[%clk 1:10:58]} g5 {[%clk 1:31:55]} 8.Bg3 {[%clk 1:11:25]}
h5 {[%clk 1:32:20]} 9.Qb3 {[%clk 0:57:31]} Bxc3+ {[%clk 1:32:10]}
10.Qxc3 {[%clk 0:56:37]} Nc6 {[%clk 1:32:35]} 11.Bb5 {[%clk 0:46:27]}
Bd7 {[%clk 1:32:59]} 12.Bxc6 {[%clk 0:44:22]} Bxc6 {[%clk 1:33:21]}
13.f3 {[%clk 0:43:40]} h4 {[%clk 1:31:11]} 14.Be5 {[%clk 0:41:15]}
Rh6 {[%clk 1:31:36]} 15.h3 {[%clk 0:35:15]} Qe7 {[%clk 1:25:22]}
16.a4 {[%clk 0:31:17]} Nh5 {[%clk 1:14:37]} 17.Ne2 {[%clk 0:25:13]}
O-O-O {[%clk 1:01:09]} 18.Kf2 {[%clk 0:21:13]} Re6 {[%clk 1:00:15]}
19.Ra3 {[%clk 0:20:33]} f6 {[%clk 0:49:53]} 20.Bh2 {[%clk 0:20:58]}
Ng7 {[%clk 0:23:28]} 21.Qd3 {[%clk 0:20:54]} Re8 {[%clk 0:20:09]}
22.Rc1 {[%clk 0:20:33]} Kb8 {[%clk 0:16:40]} 23.Rcc3 {[%clk 0:20:27]}
Qd7 {[%clk 0:15:22]} 24.Qc2 {[%clk 0:17:34]} a5 {[%clk 0:15:22]}
25.Nc1 {[%clk 0:16:36]} Nh5 {[%clk 0:08:43]} 26.Nb3 {[%clk 0:16:00]}
b6 {[%clk 0:08:20]} 27.Nd2 {[%clk 0:14:51]} Ng3 {[%clk 0:06:47]}
28.Bxg3 {[%clk 0:12:28]} hxg3+ {[%clk 0:07:12]} 29.Kxg3 {[%clk 0:12:39]}
Qd6+ {[%clk 0:04:28]} 30.Kf2 {[%clk 0:13:03]} Bd7 {[%clk 0:04:52]}
31.Nf1 {[%clk 0:11:21]} f5 {[%clk 0:03:55]} 32.Ra1 {[%clk 0:10:59]}
f4 {[%clk 0:02:08]} 33.Rc1 {[%clk 0:10:52]} Qb4 {[%clk 0:00:57]}
34.b3 {[%clk 0:03:47]} fxe3+ {[%clk 0:00:32]} 35.Rxe3 {[%clk 0:00:55]}
Rc6 {[%clk 0:00:49]} 36.Qb2 {[%clk 0:00:53]} Rxc1 {[%clk 0:01:05]}
37.Rxe8+ {[%clk 0:01:04]} Bxe8 {[%clk 0:01:31]} 38.Qxc1 {[%clk 0:01:29]}
Qxb3 {[%clk 0:00:41]} 39.Qxg5 {[%clk 0:01:54]} Bxa4 {[%clk 0:00:54]}
40.h4 {[%clk 0:31:15]} Qb2+ {[%clk 0:30:33]} 41.Kg3 {[%clk 0:22:56]}
Qxd4 {[%clk 0:22:31]} 42.Ne3 {[%clk 0:14:33]} Kb7 {[%clk 0:10:42]}
43.h5 {[%clk 0:13:39]} Qd2 {[%clk 0:10:13]} 44.Qe5 {[%clk 0:07:11]}
Qe1+ {[%clk 0:08:21]} 45.Kg4 {[%clk 0:06:01]} Qb4+ {[%clk 0:02:00]}
46.Kg5 {[%clk 0:05:26]} d4 {[%clk 0:01:56]} 47.Nd5 {[%clk 0:01:44]}
Qc5 {[%clk 0:02:20]} 48.h6 {[%clk 0:01:38]} Bc2 {[%clk 0:00:32]}
49.f4 {[%clk 0:01:34]} a4 {[%clk 0:00:34]} 50.f5 {[%clk 0:01:57]}
d3 {[%clk 0:00:46]} 51.h7 {[%clk 0:01:54]} d2 {[%clk 0:01:13]}
52.h8Q {[%clk 0:01:48]} d1Q {[%clk 0:01:36]} 53.Qd8 {[%clk 0:01:14]}
Qd2+ {[%clk 0:01:08]} 54.Kg6 {[%clk 0:01:09]} Qxg2+ {[%clk 0:00:31]}
55.Kf7 {[%clk 0:01:02]} Bb3 {[%clk 0:00:32]} 56.Qexc7+ {[%clk 0:01:08]}
Qxc7+ {[%clk 0:00:58]} 57.Qxc7+ {[%clk 0:01:33]} Ka8 {[%clk 0:01:27]}
58.Qc6+ {[%clk 0:01:30]} Ka7 {[%clk 0:01:50]} 59.Qc7+ {[%clk 0:01:39]}
Ka8 {[%clk 0:02:17]} 60.Qc8+ {[%clk 0:01:23]} 1/2-1/2

[Event "Team men PL"]
[Site "Sochi"]
[Date "2020.11.21"]
[Round "3.1"]
[White "Iljiushenok, Ilia"]
[Black "Matlakov, Maxim"]
[Result "0-1"]
[BlackElo "2685"]
[WhiteElo "2539"]
[LiveChessVersion "1.4.8"]

1.e4 {[%clk 1:30:57]} c5 {[%clk 1:30:54]} 2.Nf3 {[%clk 1:31:17]}
d6 {[%clk 1:31:18]} 3.Bb5+ {[%clk 1:28:41]} Nd7 {[%clk 1:30:02]}
4.Ba4 {[%clk 1:28:50]} Ngf6 {[%clk 1:24:34]} 5.O-O {[%clk 1:29:07]}
e6 {[%clk 1:23:58]} 6.Qe2 {[%clk 1:25:13]} Qa5 {[%clk 1:23:52]}
7.Nc3 {[%clk 1:05:21]} Be7 {[%clk 1:10:38]} 8.d3 {[%clk 0:59:57]}
O-O {[%clk 1:08:27]} 9.Bg5 {[%clk 0:59:28]} Qc7 {[%clk 0:58:30]}
10.Rae1 {[%clk 0:55:53]} a6 {[%clk 0:52:51]} 11.Bxd7 {[%clk 0:35:05]}
Bxd7 {[%clk 0:51:55]} 12.e5 {[%clk 0:35:29]} dxe5 {[%clk 0:52:18]}
13.Nxe5 {[%clk 0:35:54]} Bc6 {[%clk 0:51:09]} 14.Nxc6 {[%clk 0:21:21]}
Qxc6 {[%clk 0:51:01]} 15.Ne4 {[%clk 0:21:04]} Nd5 {[%clk 0:48:23]}
16.b3 {[%clk 0:15:35]} Rad8 {[%clk 0:37:06]} 17.a3 {[%clk 0:12:52]}
Bxg5 {[%clk 0:31:19]} 18.Nxg5 {[%clk 0:13:20]} h6 {[%clk 0:31:29]}
19.Nf3 {[%clk 0:11:24]} Nc3 {[%clk 0:29:57]} 20.Qd2 {[%clk 0:09:03]}
Nb5 {[%clk 0:28:50]} 21.a4 {[%clk 0:09:18]} Nd4 {[%clk 0:26:42]}
22.Nxd4 {[%clk 0:09:13]} cxd4 {[%clk 0:26:57]} 23.f4 {[%clk 0:09:17]}
Rd5 {[%clk 0:26:00]} 24.Rf2 {[%clk 0:07:34]} Rc8 {[%clk 0:26:02]}
25.Qb4 {[%clk 0:05:42]} Rc5 {[%clk 0:20:40]} 26.Ree2 {[%clk 0:05:49]}
Qd7 {[%clk 0:21:02]} 27.h3 {[%clk 0:04:57]} h5 {[%clk 0:17:59]}
28.Qe1 {[%clk 0:04:34]} g6 {[%clk 0:18:08]} 29.Qb4 {[%clk 0:04:56]}
R8c6 {[%clk 0:17:10]} 30.Kh1 {[%clk 0:03:28]} a5 {[%clk 0:13:44]}
31.Qe1 {[%clk 0:03:54]} Qc7 {[%clk 0:13:26]} 32.Qd1 {[%clk 0:04:17]}
b5 {[%clk 0:12:54]} 33.axb5 {[%clk 0:04:39]} Rxb5 {[%clk 0:13:21]}
34.Qd2 {[%clk 0:03:30]} Rc3 {[%clk 0:13:09]} 35.Kg1 {[%clk 0:02:20]}
Rbc5 {[%clk 0:12:49]} 36.Kh1 {[%clk 0:02:29]} Kg7 {[%clk 0:08:40]}
37.Kg1 {[%clk 0:02:55]} h4 {[%clk 0:06:43]} 38.Kh1 {[%clk 0:03:15]}
Rxc2 {[%clk 0:05:46]} 39.Qxc2 {[%clk 0:03:31]} Rxc2 {[%clk 0:06:12]}
40.Rxc2 {[%clk 0:33:57]} Qb7 {[%clk 0:36:37]} 41.Rb2 {[%clk 0:21:05]}
Qb5 {[%clk 0:36:03]} 42.Rfd2 {[%clk 0:18:38]} Qf5 {[%clk 0:35:23]}
43.Ra2 {[%clk 0:19:02]} Qxf4 {[%clk 0:35:28]} 44.Rd1 {[%clk 0:19:29]}
Qc7 {[%clk 0:33:56]} 45.Rda1 {[%clk 0:19:07]} Qc3 {[%clk 0:33:15]}
46.Ra3 {[%clk 0:18:24]} Qc2 {[%clk 0:30:54]} 47.Kh2 {[%clk 0:18:29]}
Qd2 {[%clk 0:27:38]} 48.Kh1 {[%clk 0:17:52]} f6 {[%clk 0:26:47]}
49.Rxa5 {[%clk 0:16:52]} Qxd3 {[%clk 0:26:44]} 50.b4 {[%clk 0:17:19]}
Qb3 {[%clk 0:23:14]} 51.Ra7+ {[%clk 0:16:00]} Kh6 {[%clk 0:23:38]}
52.R7a6 {[%clk 0:15:42]} Kg5 {[%clk 0:21:36]} 53.Rd6 {[%clk 0:10:21]}
e5 {[%clk 0:19:35]} 54.Raa6 {[%clk 0:10:42]} d3 {[%clk 0:18:33]}
55.Ra5 {[%clk 0:10:42]} Kh6 {[%clk 0:11:29]} 56.Rad5 {[%clk 0:10:00]}
e4 {[%clk 0:09:58]} 57.b5 {[%clk 0:10:28]} Qb1+ {[%clk 0:08:21]}
58.Kh2 {[%clk 0:10:52]} e3 {[%clk 0:08:44]} 0-1

[Event "Team men PL"]
[Site "Sochi"]
[Date "2020.11.21"]
[Round "3.2"]
[White "Fedoseev, Vladimir"]
[Black "Bykov, Oleg"]
[Result "1-0"]
[BlackElo "2362"]
[WhiteElo "2676"]
[LiveChessVersion "1.4.8"]

1.e4 {[%clk 1:30:20]} c5 {[%clk 1:30:44]} 2.Nf3 {[%clk 1:30:39]}
d6 {[%clk 1:31:00]} 3.Nc3 {[%clk 1:29:50]} Nf6 {[%clk 1:30:59]}
4.e5 {[%clk 1:26:08]} dxe5 {[%clk 1:31:04]} 5.Nxe5 {[%clk 1:26:29]}
g6 {[%clk 1:24:31]} 6.d4 {[%clk 1:23:31]} Bg7 {[%clk 1:14:46]}
7.dxc5 {[%clk 1:20:02]} Qc7 {[%clk 1:07:49]} 8.Bb5+ {[%clk 1:19:52]}
Nfd7 {[%clk 1:05:44]} 9.Nd3 {[%clk 1:19:34]} O-O {[%clk 1:03:42]}
10.O-O {[%clk 1:18:20]} Nxc5 {[%clk 0:58:51]} 11.Nd5 {[%clk 1:15:06]}
Qd6 {[%clk 0:56:43]} 12.Nxc5 {[%clk 1:14:59]} Qxc5 {[%clk 0:57:06]}
13.c4 {[%clk 1:15:15]} Nc6 {[%clk 0:52:15]} 14.Be3 {[%clk 1:07:59]}
Qd6 {[%clk 0:52:13]} 15.Re1 {[%clk 1:05:15]} e5 {[%clk 0:46:48]}
16.Bg5 {[%clk 0:54:02]} f6 {[%clk 0:44:49]} 17.Be3 {[%clk 0:54:03]}
Kh8 {[%clk 0:41:57]} 18.Qe2 {[%clk 0:48:19]} Bf5 {[%clk 0:38:22]}
19.Rad1 {[%clk 0:48:27]} Rad8 {[%clk 0:37:45]} 20.h3 {[%clk 0:48:37]}
Qb8 {[%clk 0:34:38]} 21.Bc5 {[%clk 0:46:18]} Rfe8 {[%clk 0:33:24]}
22.Qf3 {[%clk 0:42:28]} Bf8 {[%clk 0:12:40]} 23.Be3 {[%clk 0:42:21]}
Bg7 {[%clk 0:11:17]} 24.g4 {[%clk 0:41:26]} Bc2 {[%clk 0:09:49]}
25.Rd2 {[%clk 0:37:16]} e4 {[%clk 0:09:59]} 26.Qf4 {[%clk 0:37:16]}
Qxf4 {[%clk 0:09:21]} 27.Bxf4 {[%clk 0:35:17]} Bd3 {[%clk 0:09:37]}
28.b3 {[%clk 0:31:10]} Ne5 {[%clk 0:05:57]} 29.Re3 {[%clk 0:28:05]}
Re6 {[%clk 0:04:09]} 30.Nb4 {[%clk 0:28:04]} Bf8 {[%clk 0:02:35]}
31.Nxd3 {[%clk 0:27:12]} Nxd3 {[%clk 0:00:59]} 32.Bc7 {[%clk 0:25:40]}
Rd4 {[%clk 0:01:23]} 33.c5 {[%clk 0:25:57]} Bxc5 {[%clk 0:00:50]}
34.Bxd3 {[%clk 0:26:04]} Rd7 {[%clk 0:01:12]} 35.Bc4 {[%clk 0:19:58]}
Rxd2 {[%clk 0:01:30]} 36.Bxe6 {[%clk 0:20:25]} Bxe3 {[%clk 0:01:53]}
37.fxe3 {[%clk 0:20:49]} Kg7 {[%clk 0:00:51]} 38.a4 {[%clk 0:21:03]}
Re2 {[%clk 0:00:35]} 39.Bf4 {[%clk 0:21:25]} Rd2 {[%clk 0:00:41]}
40.h4 {[%clk 0:51:27]} Kf8 {[%clk 0:30:36]} 41.Bh6+ {[%clk 0:50:49]}
Ke7 {[%clk 0:30:49]} 42.Bg8 {[%clk 0:51:09]} Rd8 {[%clk 0:30:43]}
43.Bc4 {[%clk 0:51:32]} Rd2 {[%clk 0:30:34]} 44.g5 {[%clk 0:50:43]}
a6 {[%clk 0:25:26]} 45.Bg7 {[%clk 0:49:09]} fxg5 {[%clk 0:25:29]}
46.hxg5 {[%clk 0:49:27]} Kd6 {[%clk 0:23:30]} 47.Bf6 {[%clk 0:49:26]}
Kd7 {[%clk 0:17:24]} 48.Bd4 {[%clk 0:49:23]} Kd6 {[%clk 0:15:59]}
49.Bg8 {[%clk 0:49:42]} Ke7 {[%clk 0:16:24]} 50.a5 {[%clk 0:50:00]}
Ra2 {[%clk 0:13:01]} 51.b4 {[%clk 0:50:21]} 1-0

[Event "Team men PL"]
[Site "Sochi"]
[Date "2020.11.21"]
[Round "3.3"]
[White "Smirnov, Timofey"]
[Black "Khairullin, Ildar"]
[Result "1-0"]
[BlackElo "2618"]
[WhiteElo "2394"]
[LiveChessVersion "1.4.8"]

1.e4 {[%clk 1:30:57]} c6 {[%clk 1:30:48]} 2.d4 {[%clk 1:31:20]}
d5 {[%clk 1:31:15]} 3.Nc3 {[%clk 1:31:22]} dxe4 {[%clk 1:31:29]}
4.Nxe4 {[%clk 1:31:46]} Bf5 {[%clk 1:31:26]} 5.Ng3 {[%clk 1:32:05]}
Bg6 {[%clk 1:31:48]} 6.h4 {[%clk 1:26:45]} h6 {[%clk 1:32:13]}
7.Nf3 {[%clk 1:27:11]} Nd7 {[%clk 1:32:37]} 8.h5 {[%clk 1:27:35]}
Bh7 {[%clk 1:33:00]} 9.Bd3 {[%clk 1:28:00]} Bxd3 {[%clk 1:33:21]}
10.Qxd3 {[%clk 1:28:26]} e6 {[%clk 1:33:44]} 11.Bf4 {[%clk 1:28:37]}
Qa5+ {[%clk 1:32:34]} 12.Bd2 {[%clk 1:28:59]} Bb4 {[%clk 1:32:27]}
13.c3 {[%clk 1:27:34]} Be7 {[%clk 1:32:50]} 14.c4 {[%clk 1:26:53]}
Qc7 {[%clk 1:33:14]} 15.O-O-O {[%clk 1:26:37]} Ngf6 {[%clk 1:32:10]}
16.Ne4 {[%clk 1:26:40]} O-O-O {[%clk 1:11:05]} 17.g3 {[%clk 1:19:49]}
Nc5 {[%clk 1:02:53]} 18.Nxc5 {[%clk 1:20:05]} Bxc5 {[%clk 1:03:21]}
19.Bc3 {[%clk 1:16:03]} Rhe8 {[%clk 0:58:53]} 20.Qe2 {[%clk 1:10:22]}
Bd6 {[%clk 0:53:41]} 21.Ne5 {[%clk 1:08:31]} c5 {[%clk 0:53:06]}
22.f4 {[%clk 1:07:14]} Kb8 {[%clk 0:45:23]} 23.Kb1 {[%clk 1:02:29]}
cxd4 {[%clk 0:21:48]} 24.Bxd4 {[%clk 1:02:27]} Bc5 {[%clk 0:22:16]}
25.Bc3 {[%clk 0:54:59]} Kc8 {[%clk 0:16:40]} 26.g4 {[%clk 0:52:48]}
Nh7 {[%clk 0:11:56]} 27.Qe4 {[%clk 0:49:18]} Nf6 {[%clk 0:10:14]}
28.Qe2 {[%clk 0:41:52]} Nh7 {[%clk 0:10:37]} 29.Qc2 {[%clk 0:40:45]}
Nf8 {[%clk 0:10:54]} 30.Qe4 {[%clk 0:38:19]} Rxd1+ {[%clk 0:07:57]}
31.Rxd1 {[%clk 0:38:46]} f6 {[%clk 0:06:38]} 32.Nd3 {[%clk 0:36:53]}
Rd8 {[%clk 0:07:01]} 33.Rf1 {[%clk 0:33:03]} Be7 {[%clk 0:07:13]}
34.Kc2 {[%clk 0:31:35]} Rd6 {[%clk 0:06:22]} 35.b3 {[%clk 0:31:37]}
Rc6 {[%clk 0:02:35]} 36.a4 {[%clk 0:31:02]} a6 {[%clk 0:02:50]}
37.Kb2 {[%clk 0:26:31]} Qd6 {[%clk 0:02:53]} 38.Rd1 {[%clk 0:21:11]}
Qd8 {[%clk 0:01:39]} 39.Kc2 {[%clk 0:18:29]} Nd7 {[%clk 0:01:27]}
40.b4 {[%clk 0:44:12]} Qc7 {[%clk 0:30:42]} 41.Nb2 {[%clk 0:30:04]}
Kb8 {[%clk 0:09:40]} 42.Qg6 {[%clk 0:21:15]} Nb6 {[%clk 0:07:32]}
43.Qe8+ {[%clk 0:21:43]} Ka7 {[%clk 0:07:00]} 44.b5 {[%clk 0:14:49]}
Rxc4 {[%clk 0:06:07]} 45.Nxc4 {[%clk 0:15:18]} Qxc4 {[%clk 0:05:50]}
46.Qxe7 {[%clk 0:15:35]} Qxa4+ {[%clk 0:05:38]} 47.Kc1 {[%clk 0:14:14]}
Qxf4+ {[%clk 0:05:55]} 48.Kb2 {[%clk 0:13:46]} Qxg4 {[%clk 0:02:27]}
49.bxa6 {[%clk 0:11:50]} Nc4+ {[%clk 0:01:26]} 50.Ka2 {[%clk 0:10:47]}
Kxa6 {[%clk 0:01:31]} 51.Ra1 {[%clk 0:10:54]} 1-0